Дело о славлении Христа Спасителя в Зимнем дворце митрополитом с братией Александро-Невской лавры

Доступно только в Электронных читальных залах Найти на картеНа карте
RUSMARC
00003515nmc2a22002413x 450
001f4f3d9e6-1a7f-4214-ad7c-6a3a21ae4613
00520241106210840.0
100##$a20240516l18661866k l0rusy0189 ca
1010#$arus
102##$aRU
105##$ay###
1222#$ad
2001#$aДело о славлении Христа Спасителя в Зимнем дворце митрополитом с братией Александро-Невской лавры
$j25-28 декабря 1866 г.
215##$a8 л.
$d36,5х26 см
251##$cДело
300##$aДело
371##$aДокумент не является опубликованным и широко распространяемым
461#0$1001RusGRCC00078950
$12001
$aКанцелярия Министерства Императорского двора
$1251
$cФонд
$1852
$j472
462#0$1001ee651c76-2b84-4d80-bfd1-feee6387172e
$12001
$aКанцелярия Министерства Императорского двора
$1251
$cОпись
$1852
$j31
$l129-966
801#0$aRU
$bРГИА
$c20240516
$gRCR
801#1$aRU
$bГлавНИВЦ
$c20240516
$2rusmarc
801#2$aRU
$bПБ им. Б.Н. Ельцина
$c20241106
$gRCR
$2rusmarc
850##$aРГИА
852##$aРГИА
$eФедеральное казенное учреждение "Российский государственный исторический архив" (РГИА)
$j52
937##$hРГИА
$d12416124
$aASBIBLIO_SCAN
035##$aRusGRCC00078944
856##$uhttp://readingroom.main.prlib.ru/item.aspx?id_node=n194725073&mode=full
Формат отображения